In vitro cytotoxicity evaluation on hydroxyapatite base material as a bone replacement material /
Saved in:
| Main Author: | |
|---|---|
| Format: | Thesis Book |
| Language: | English |
| Published: |
2002.
|
| Subjects: | |
| Tags: |
Add Tag
No Tags, Be the first to tag this record!
|
| LEADER | 01258cam a2200277 a 4500 | ||
|---|---|---|---|
| 001 | u516580 | ||
| 003 | SIRSI | ||
| 008 | 030829s2002 my t 00 10 eng m | ||
| 035 | |a ACZ-0479 | ||
| 040 | |a UMG | ||
| 091 | |a Microfiche 17144 | ||
| 096 | |a WU100 |b UM 2002 Rams | ||
| 100 | 0 | 0 | |a Ramizu Shaari. |
| 245 | 1 | 0 | |a In vitro cytotoxicity evaluation on hydroxyapatite base material as a bone replacement material / |c Dr. Ramizu Shaari. |
| 260 | |c 2002. | ||
| 300 | |a xiii, 86 leaves : |b ill. ; |c 31 cm. | ||
| 500 | |a Also available on microfiche. Kuala Lumpur: University of Malaya Library, 2002. 1 fiches: negative; 11 x 15cm. | ||
| 502 | |a Dissertation (M.Clin.Dent.) -- Jabatan Pembedahan Mulut dan maxilofasial, Fakulti Pergigian, Universiti Malaya, 2003. | ||
| 504 | |a Bibliography: leaves 78-86. | ||
| 650 | 2 | |a Biomedical and Dental Materials. | |
| 710 | 2 | 0 | |a Universiti Malaya. |b Jabatan Pembedahan Mulut dan Maksilofasial. |
| 948 | |a 29/08/2003 |b 07/10/2004 | ||
| 596 | |a 10 | ||
| 999 | |a WU100 UM 2002 RAMS |w NLM |c 1 |i A510719949 |l STACKS |m P10PERGIGI |r Y |s Y |t TESIS |u 19/9/2003 | ||
| 999 | |a WU100 UM 2002 RAMS |w NLM |c 2 |i A510719976 |l STACKS |m P10PERGIGI |r Y |s Y |t TESIS |u 19/9/2003 | ||
| 999 | |a WU100 UM 2002 RAMS |w NLM |c 3 |i A513765200 |l STACKS |m P10PERGIGI |r Y |s Y |t TESIS |u 27/10/2009 | ||
